00728nam a2200205 a 450000100100000000500170001000800410002704000250006808200180009310000290011124500680014026000580020830000280026649000420029449000210033650000740035765000280043183000420045983000210050100004174120201002035729.0131016s1987 mx a 001 0 spa d aDO-SdBNPbspacBNPHU a709.72bP348p1 aPaz, Octaviod1914-1998.13aLos Privilegios de la vista :barte de México /cOctavio Paz. aMéxico, D. F. :bFondo de Cultura Economica,c1987. a513 p. :bil. ;c21 cm.1 aMéxico en la obra de Octavio Pazv31 aLetras mexicanas aIncluye referencias bibliográficas y notas al pie de las páginas. 4aArte mexicanoySIGLO XX 0aMéxico en la obra de Octavio Pazn3 0aLetras mexicanas